=LDR 00000nam 2200000 4500 =001 INLIS000000000035639 =005 20130612141500 =008 ***********************************Ind** =035 ##$$0010-061300000035639 =041 ##$$a Ind =082 ##$$a 2x3.7 =090 ##$$a 2x3.7, Asy s1 =100 ##$$a Asy-Sya'rawi, Mutawalli =245 ##$$a Sihir dan Hasut =260 ##$$a 1991 $b Jakarta =300 ##$$a 102 hlm, 12 cm =850 ##$$a NBPNMAT